00689cam a22002414a 450000100090000000300040000900500170001300800410003001000170007102000150008804000130010305000260011610000230014224500640016526000450022930000340027449000330030852100070034152600080034854100060035665000370036265000480039914648461OSt20140310184255.0061128s2006 nyua j 000 0 eng  a 2006286721 a043973410X aDLCcDLC00aN 8251.S37b.C37 20061 aCarangelo, Audrey.10aOn the street :bpoems about paintings /cAudrey Carangelo. aNew York, NY :bScholastic Inc.,cc2006. a8 p. :bcol. : ill. ;c23 cm.0 aScholastic FX books ;vbk. 8 aG2 c310 j1 0aStreets in artvJuvenile poetry. 0aCity and town life in artvJuvenile poetry.